ბათუმის შოთა რუსთაველის სახელმწიფო უნივერსიტეტის ბიბლიოთეკა

ასაკობრივი და პედაგოგიური ფსიქოლოგია : (ბიბ.ჩანაწერი № 38355)

000 -ლიდერი
ფიქსირებული სიგრძის საკონტროლო ველი 00951nam a2200193Ia 4500
001 - საკონტროლო ნომერი
საკონტროლო ველი 4365
003 - საკონტროლო ნომრის იდენტიფიკატორი
საკონტროლო ველი GE_BSU
005 - ბოლო ოპერაციის თარიღი და დრო
საკონტროლო ველი 20191007112700.0
008 - ფიქსირებული სიგრძის მონაცემთა ელემენტები - ზოგადი ინფორმაცია
ფიქსირებული სიგრძის საკონტროლო ველი 181216s1977||||ge |||||||||||||| ||geo||
040 ## - კატალოგიზაციის წყარო
Transcribing agency GE_BSU
080 ## - უნივერსალური ათობითი კლასიფიკაციის ინდექსი
Universal Decimal Classification number 37.015.3(075.8)+159.922.6(075.8) ა–87
245 ## - ცნობა სათაურის შესახებ
Title ასაკობრივი და პედაგოგიური ფსიქოლოგია :
Remainder of title სახელმძღვანელო პედაგოგიური ინ–ტის სტუდენტებისათვის /
Statement of responsibility, etc ა.ვ. პეტროვსკის რედ.
264 ## - წარმოების, გამოცემის, დისტრიბუციის და სხვა ცნობები
გამოცემის, წარმოების, დისტრიბუციის... ადგილი თბ. :
გამოცემის, წარმოების, დისტრიბუციის... სახელწოდება განათლება,
გამოცემის, წარმოების, დისტრიბუციის... თარიღი 1977.
300 ## - ფიზიკური აღწერა
Extent 361 გვ.;
Other physical details 22 სმ.
653 ## - INDEX TERM--UNCONTROLLED
Uncontrolled term ასაკობრივი ფსიქოლოგია
653 ## - INDEX TERM--UNCONTROLLED
Uncontrolled term პედაგოგიური ფსიქოლოგია
700 ## - ADDED ENTRY--PERSONAL NAME
Personal name პეტროვსკი, ა.
Relator term რედაქტორი
9 (RLIN) 4558
942 ## - ADDED ENTRY ELEMENTS (KOHA)
Koha item type წიგნი
Source of classification or shelving scheme
ეგზემპლარები
ჩამოწერის სტატუსი დაკარგული ეგზემპლარის სტატუსი კლასიფიკაციის წყარო ან თაროზე გაწყობის სქემა დაზიანების სტატუსი არ გაიცემა მუდმივი მდებარეობა (დაცვის ადგილი) ამჟამინდელი ადგილსამყოფელი თაროზე განთავსების ადგილი შეძენის თარიღი ღირებულება, შესყიდვის ნორმალური ფასი სრული შენახვის შიფრი შტრიხკოდი ბოლო ოპერაციის თარიღი ეგზემპლარის მიმდევრობითი ნომერი (კეტერი?) ფასის ძალაში შესვლის თარიღი ეგზემპლარის სახეობა საჯარო შენიშვნა
          ბათუმის შოთა რუსთაველის სახელმწიფო უნივერსიტეტის მთავარი ბიბლიოთეკა ბათუმის შოთა რუსთაველის სახელმწიფო უნივერსიტეტის მთავარი ბიბლიოთეკა წიგნსაცავი 2018-12-17 1.50 37.015.3(075.8)+159.922.6(075.8) ა–87 5898 2018-12-17 5898 2018-12-17 წიგნი 1ლ. 50 თ.